000 01685nam a2200277 a 4500
001 BRCA_2736
005 20190320203939.0
008 041208s1898----sp-a---###---#000-0#spa-u
041 _aspa
044 _asp
084 _a232
_b.O45
_c1898
100 1 _aCervantes Saavedra, Miguel de
_d1547-1616
_9213
245 1 0 _aEl Ingenioso Hidalgo Don Quijote de la Mancha
_ccompuesto por Miguel de Cervantes Saavedra.
260 _aBarcelona
_bD. Juan de Oliveres
_c1898
300 _a282 p.
_bil.
_c32 cm.
440 0 _aMuseo excelsior : colección de las mejores obras literarias y pintorescas
_97717
500 _aContenido : Primera parte. Advertencia del editor. Dedicatoria del autor. Prólogo del autor. Versos preliminares. Texto. Segunda parte. Dedicatoria del autor. Prólogo del autor. Texto. El Buscapié con su prólogo y aprobaciones por D. Adolfo de Castro.
500 _aEsta edición contiene, además del texto y preliminares, El Buscapié de A. de Castro. Las láminas son copias de las de T. Johannot. Forma parte del Museo Excelsior : Colección de las Mejores Obras Literarias y Pintorescas. Bella edición, tanto por su parte literaria como por la tipográfica. Semipiel; lomo y planos decorados con adornos dorados Lúdovik Osterc
500 _aEstado físico : Lomo y cubierta parcialmente desprendidas y primeras hojas rotas de la parte superior izquierda. El Buscapié se encuentra desprendido de la encuadernación
500 _aQM221
700 1 _aCastro y Rossi, Adolfo de
_d1823-1898
_eAnotador
_97718
700 1 _aJohannot, Tony
_d1803-1872
_eIlustrador
_97719
740 0 _aEl Ingenioso Hidalgo Don Quijote de la Mancha
902 _aQFM
942 _2lcc
_cB
999 _c2476
_d2476